000 01091namaa2200301 i 4500
003 EG-GICUC
005 20260211141635.0
008 260211s1996 ua ||||jr|||| 000 0 ara d
040 _aEG-GiCUC
_bara
_cEG-GiCUC
_dEG-GiCUC
_erda
043 _aa-iq---
082 0 4 _221
_a935
_bA3983
092 0 4 _221
_a935
_bA3983
099 _a935 A3983 1996
100 1 _aعلى، فاضل عبد الواحد،
_eمؤلف.
245 1 0 _aمن سومر الى التوراة /
_cد. فاضل عبد الرحمن على
250 _aالطبعة الثانية
264 _aالقاهرة (مصر) :
_bسينا للنشر،
_c1996
300 _a307 صفحة ؛
_c24 سم
336 _2rdacontent
_atext
337 _2rdamedia
_aUnmediated
338 _2rdacarrier
_avolume
504 _aيشتمل على ارجاعات ببليوجرافية.
541 _aد. / جابر عصفور ؛
_bالقاهرة ؛
_cإهداء ؛
_d2024.
650 1 7 _aحضارة العراق القديمة
_2qrmak
651 1 _2qrmak
_aالعراق القديم
_xتاريخ
905 _aAmira
942 _2ddc
_cBK
_e21
_n0
999 _c178381
_d178381